000 01451nam0a2200373 4500
001 RU\NLR\bibl\1964371
005 20260407062957.0
010 _a978-5-9925-0790-4
_94000
021 _aRU
_b2012-79329
_95885
035 _a(nilc)RSL-KNO-005509271
035 _a(NLR Aleph) 001953333
090 _a3725399
_c3725399
100 _a20110830d2012 |||y0rusy50 ca
101 0 _arus
_aeng
102 _aRU
105 _aa zzzz|||||
200 1 _aВеликобритания
_dGreat Britain
_e[пособие по страноведению]
_fЮ. Б. Голицынский
_zeng
210 _aСанкт-Петербург
_cКАРО
_d2012
215 _a476, [1] с.
_cил., карт.
_d20
225 1 _aСтрановедение
510 1 _6z11790
_aGreat Britain
_zeng
606 1 _aАнглийский язык
_jУчебные издания для средней школы
_9972309
_3RU\NLR\auth\6646032
686 _aШ143.21-944:Д
_2rubbk
686 _aШ143.21-93рус2
_bД890(4Вл)
686 _aШ143.21-93рус221[9/11]
700 1 _4070
_8rus
_7ca
_aГолицынский
_bЮ.Б.
_f1928-
_gЮрий Борисович
_3RU\NLR\AUTH\7713207
_9122906
790 1 _4070
_8rus
_7ba
_aGolicynskij
_bJ.B.
_gJurij Borisovič
_3RU\NLR\auth\7741590
_924538
801 0 _aRU
_bRuMoRKP
_c20110830
_grcr
801 1 _aRU
_bРГБ
_c20110830
801 2 _aRU
_bNLR
_c20121107
_grcr
942 _cBOOK
980 _aNB